All Beyonce Songs 2025 (Albums Only) - Statistics

General Stats
  • This quiz has been taken 61 times
    47 since last reset
  • The average score is 29 of 124
Answer Stats
Dangerously in Love % Correct
Crazy in love
93%
Baby Boy
66%
Naughty Girl
55%
Daddy
52%
Yes
48%
Halo
45%
Speechless
45%
Be With You
41%
Deja Vu
41%
Hip Hop Star
41%
Cozy
38%
Dangerously in Love 2
38%
Freakum Dress
38%
If I Were a Boy
38%
Kitty Kat
38%
Love On Top
38%
Me Myself and I
38%
Ring the Alarm
38%
Summer
38%
Diva
34%
Energy
34%
Get Me Bodied
34%
Green Light
34%
Pray you Catch Me
34%
Suga Mama
34%
1 + 1
31%
6 Inch
31%
Alien Superstar
31%
America Has A Problem
31%
Drunk in Love
31%
Flawless
31%
Formation
31%
Freedom
31%
Hold Up
31%
Irreplaceable
31%
Pretty Hurts
31%
Sorry
31%
Upgrade U
31%
Ameriican Requiem
28%
Apeshit
28%
Blue
28%
Break My Soul
28%
Church Girl
28%
Cuff It
28%
Daddy Lessons
28%
Heated
28%
I Care
28%
I'm That Girl
28%
Listen
28%
Partition
28%
Resentment
28%
Sandcastles
28%
Blow
24%
Countdown
24%
Don't Hurt Yourself
24%
Gift from Virgo
24%
Haunted
24%
I Was Here
24%
Plastic Off the Sofa
24%
Pure Honey
24%
Single Ladies
24%
Summer Renaissance
24%
That's How You Like It
24%
The Closer I Get to You
24%
Virgo's Groove
24%
All Night
21%
Dance For You
21%
Forward
21%
I Miss you
21%
Move
21%
Party
21%
Rocket
21%
Schoolin' Life
21%
Thique
21%
All Up in Your Mind
17%
Best Thing I Never Had
17%
Disappear
17%
Heaven
17%
II Hands II Heaven
17%
Jealous
17%
Jolene
17%
Love Drought
17%
Nice
17%
No Angel
17%
Radio
17%
16 Carriages
14%
Boss
14%
End of Time
14%
Friends
14%
II Most Wanted
14%
Protector
14%
Rather Die Young
14%
Run the World (Girls)
14%
Satellites
14%
Sweet Honey Buckiin
14%
Tyrant
14%
XO
14%
Amen
10%
Broken Hearted Girl
10%
Daughter
10%
Desert Eagle
10%
Flamenco
10%
Just For Fun
10%
LoveHappy
10%
Mine
10%
Start Over
10%
Superpower
10%
Texas Hold Em
10%
Video Phone
10%
Ya Ya
10%
Alliigator Tears
7%
Blackbiird
7%
Heard About Us
7%
Levii's Jeans
7%
Riiverdance
7%
Save The Hero
7%
Sweet Dreams
7%
713
3%
Ava Maria
3%
Black Effect
3%
Bodyguard
3%
My Rose
3%
Signs (feat. Missy Elliott)
0%
Spaghetii
0%
No matching quizzes found
Score Distribution
Percent of People with Each Score
Percentile by Number Answered
Your Score History
You have not taken this quiz since the last reset